Statistics for Countries Closest to Qatar

Click here to take the quiz!

General Stats

  • This quiz has been taken 161 times
  • The average score is 17 of 20

Answer Stats

km country miles % Correct
0Saudi Arabia0
99%
31United Arab
Emirates
20
99%
1Bahrain1
99%
420Oman261
99%
493Iraq306
98%
187Iran116
97%
618Yemen384
97%
1005Pakistan625
94%
1340Syria833
93%
379Kuwait236
93%
1371Jordan852
92%
1020Afghanistan634
90%
1620Israel1007
89%
1370Turkey852
85%
1473Eritrea915
76%
1378Somalia856
75%
1555Djibouti967
73%
1382Azerbaijan859
69%
1460Sudan907
67%
1426Turkmenistan886
63%

Score Distribution

Percentile by Number Answered

Percent of People with Each Score

Your Score History

You have not taken this quiz